000 00743nam a2200217Ia 4500
003 GCL
008 140319s9999 xx 000 0 ara d
040 _aGCL /
_cGCL
082 0 4 _a657
_bا م
100 1 _aمحمد الفيومى
245 1 0 _aالمحاسبة والحاسبات الالية تطبيقات محاسبة بلغة البيسك واللوتس /
_cمحمد الفيومى
700 1 _aصلاح مبارك
700 1 _aصبحى الخطيب
700 1 _aاحمد انور
260 _a[S.N] :
_bقسم المحاسبة- كلية التجارة. جامعة الاسكندرية ،
_c1993
300 _a399
490 _a
650 0 4 _aالمحاسبة الالية
650 0 4 _aالمحاسبة
942 _2ddc
_cBK
999 _c58716
_d58716